Administrative law (Record no. 11027)

MARC details
000 -LEADER
fixed length control field 00409nam a22001697a 4500
003 - CONTROL NUMBER IDENTIFIER
control field OSt
005 - DATE AND TIME OF LATEST TRANSACTION
control field 20211009104635.0
008 - FIXED-LENGTH DATA ELEMENTS--GENERAL INFORMATION
fixed length control field 211009b |||||||| |||| 00| 0 eng d
020 ## - INTERNATIONAL STANDARD BOOK NUMBER
International Standard Book Number 042179920=x
040 ## - CATALOGING SOURCE
Original cataloging agency HU
Transcribing agency DDC
082 ## - DEWEY DECIMAL CLASSIFICATION NUMBER
Classification number 342.4106/CAR
245 ## - TITLE STATEMENT
Title Administrative law
250 ## - EDITION STATEMENT
Edition statement Fifth edition
260 ## - PUBLICATION, DISTRIBUTION, ETC.
Place of publication, distribution, etc. London
Name of publisher, distributor, etc. Thomson & Sweet
Date of publication, distribution, etc. 2003
300 ## - PHYSICAL DESCRIPTION
Extent lxxviii,960p,31cm
942 ## - ADDED ENTRY ELEMENTS (KOHA)
Source of classification or shelving scheme Dewey Decimal Classification
Koha item type Books like text book referance book
Suppress in OPAC No
Holdings
Withdrawn status Lost status Source of classification or shelving scheme Damaged status Not for loan Home library Current library Shelving location Date acquired Full call number Barcode Date last seen Copy number Price effective from Koha item type Total Checkouts
    Dewey Decimal Classification     Law & Governance lLbrary Law & Governance lLbrary General Stacks 10/09/2021 342.4106/CAR LGCLIB0000713 10/09/2021 C1 10/09/2021 Books like text book referance book  
    Dewey Decimal Classification     Law & Governance lLbrary Law & Governance lLbrary General Stacks 10/09/2021 342.4106/CAR LGCLIB000714 10/09/2021 C2 10/09/2021 Books like text book referance book